Toutes les pupilles dans Naruto - Statistiques

Statistiques générales
  • Ce quiz a été pris 280 fois
  • Le résultat moyen est 7 sur 28
Statistiques - réponses
Par images Réponse % Correct
Kakashi/Obito
67%
Itachi
64%
Sasuke
61%
Madara
59%
Shisui
54%
Byakugan
46%
Rinne sharingan
44%
Rinnegan
40%
Fugaku
34%
Shin
28%
Izuna
26%
Indra
20%
Mode ermite
20%
Jogan
17%
Isshiki
14%
Tensegan
14%
Ketsuryugan
12%
Naori
9%
Rai
7%
Baru
6%
Momoshiki
6%
Ranmaru
5%
Kyuubi
4%
Naka
4%
Urashiki
4%
Rinnegan (Sasuke)
3%
Naruto (Mode Rikudo)
2%
Shion
2%
Aucun quiz correspondant
Distribution des résultats
% des personnes avec chaque résultat
Percentile par nombre de réponses
Votre historique - résultats
Vous n’avez pas pris ce quiz